00643nam a2200217Ia 4500003000900000008004100009040001300050040001300063041000800076100002000084245004000104250001000144260001300154260000900167300001100176300001200187490000600199942000700205999001700212952019600229IT-RoPAU120407s9999 xx 000 0 und d aIT-RoPAU cIT-RoPAU afra aJacques Derrida aL’écriture et la différence.  aParis aDu Seuil c1967 a439 p. c20,5 cm v1 cBK c34615d34615 00102ddc406104_68000000000000071aPAULUSbPAULUSd2012-04-11l0o104.68r2012-04-11 00:00:00w2012-04-11yBKzInserito da: Mario In data: 06 agosto 2011 fondo: Via A.Severo 56 Progr:16978